Normal view
MARC view
Entry Personal Name
001 - CONTROL NUMBER
- control field: 87139
003 - CONTROL NUMBER IDENTIFIER
- control field: dpl
005 - DATE AND TIME OF LATEST TRANSACTION
- control field: 20260204165723.0
008 - FIXED-LENGTH DATA ELEMENTS
- fixed length control field: 260204|| aca||aabn | a|a d
040 ## - CATALOGING SOURCE
- Original cataloging agency: dpl
- Transcribing agency: dpl
100 ## - HEADING--PERSONAL NAME
- Personal name: शरण,हृषीकेश
670 ## - SOURCE DATA FOUND
- Source citation: Work cat.: (dpl)214698: शरण,हृषीकेश, शाक्यमुनि बुध्द की सचित्र रंगीन - हिंदी कथा /, 2017
